01203nam a22003137a 4500003000500000005001700005008004100022010001000063011001000073035001000083040000900093090001000102100004500112245014600157260004100303300002000344502009800364590003700462590004100499590004100540590004100581590004200622650002000664901000700684942001000691949004300701999001700744952012800761CHAP20220329140758.0971013s1981 r 00010 d a57473 a58445 a62600 cCHAP aTesis00aSoto Contreras, Víctor Manuel.9108858 aAnálisis de factores que influyen en la producción del nogal pecanero (Carya illinoensis Koch.) en la región de Jiménez, Chih. Méx. a(Monterrey, N.L.) :bEl autor,c1981 a119 h.b: ilus. aTesis (Ing. Agr. Esp. en Producción) -- ITEMS. Div. de Ciencias AGropecuarias y Marítimas aALEPHb10c20130110lUCH01h1335 aBATCH-UPDb10c20130110lUCH01h0830 aBATCH-UPDb10c20130410lUCH01h0508 aBATCH-UPDb10c20130914lUCH01h1905 aCONVERSIONb10c20130109lUCH01h133114aPecán.986484 aBK cTESIS bBCcTESd-134148eTS1h18764i62600si c57473d57473 00102local4051708TESISaBCbBCcPA_TESISd2019-12-31fTESISl0oTesisp-134148r2019-12-31 00:00:00w2019-12-31yTESIS